[Event "N4 TGV/Reims"]
[Site "?"]
[Date "2015.10.04"]
[Round "1"]
[White "Belloy, Julien"]
[Black "Massart, Jérémy"]
[Result "1-0"]
[WhiteElo "2090"]
[BlackElo "1982"]
[PlyCount "141"]
[EventDate "2015.10.07"]
[SourceDate "2015.10.07"]

1. c4 Nf6 2. Nc3 c5 3. g3 g6 4. d4 cxd4 5. Qxd4 Bg7 6. Nf3 O-O 7. Bg2 Nc6 8.
Qd1 Qb6 9. O-O d6 10. Nb5 Be6 11. Be3 Qa5 12. b3 a6 13. Nbd4 Bd7 14. Bd2 Qb6
15. Bc3 Rab8 16. Rc1 Rfd8 17. Qc2 Nb4 18. Qb1 e5 19. Nc2 Bf5 20. Bxb4 Bxc2 21.
Rxc2 Qxb4 22. Rd1 b5 23. cxb5 axb5 24. Rc7 h6 25. Qc2 Ne8 26. Rc6 Nf6 27. Ne1
e4 28. e3 d5 29. Qb1 d4 30. Nc2 Qa5 31. Nxd4 Ra8 32. Bxe4 Qxa2 33. Rxf6 Qxb1
34. Rxb1 Bxf6 35. Bxa8 Bxd4 36. exd4 Rxa8 37. Rd1 Kf8 38. Kg2 Ke7 39. Kf3 Kd6
40. Ke4 Ra2 41. Ke3 Rb2 42. Rd3 Kd5 43. h4 h5 44. Rc3 b4 45. Rc5+ Kd6 46. Rb5
Rxb3+ 47. Ke4 Rb1 48. Rb6+ Ke7 49. Ke5 Re1+ 50. Kd5 Re2 51. Rb7+ Kf6 52. Rxb4
Rxf2 53. Kd6 Rd2 54. d5 Rd3 55. Rf4+ Kg7 56. Kc6 Rxg3 57. d6 Rd3 58. Re4 f6 59.
Re8 g5 60. d7 Kg6 61. hxg5 Kxg5 62. d8=Q Rxd8 63. Rxd8 h4 64. Kd5 Kf4 65. Rh8
Kg3 66. Ke4 f5+ 67. Ke3 h3 68. Rg8+ Kh2 69. Kf2 Kh1 70. Rh8 h2 71. Ra8 1-0

[Event "N4 TGV/Reims"]
[Site "?"]
[Date "2015.10.04"]
[Round "1"]
[White "Jouniaux, Quentin"]
[Black "Carré, Cédric"]
[Result "0-1"]
[WhiteElo "1836"]
[BlackElo "2083"]
[PlyCount "136"]
[EventDate "2015.10.07"]
[SourceDate "2015.10.07"]

1. d4 d5 2. Nf3 Nc6 3. Bf4 Bg4 4. e3 e6 5. Nbd2 Bd6 6. Bxd6 Qxd6 7. Nb3 Nge7 8.
h3 Bxf3 9. Qxf3 a5 10. c3 O-O 11. h4 e5 12. Qg3 f5 13. dxe5 Nxe5 14. Nd4 f4 15.
Qh3 fxe3 16. fxe3 Rf6 17. O-O-O c5 18. Nb5 Qc6 19. Qg3 Re6 20. Be2 Nf5 21. Qh3
Rf6 22. g4 Nd6 23. g5 Rf7 24. Nxd6 Qxd6 25. h5 Rf2 26. Bb5 c4 27. e4 Nd3+ 28.
Rxd3 cxd3 29. Qxd3 Qf4+ 30. Kb1 Rd2 31. Rf1 Qxe4 32. Qxe4 dxe4 33. Re1 Rg2 34.
g6 hxg6 35. hxg6 Rxg6 36. Rxe4 Rf8 37. Bc4+ Kh8 38. Re2 Rgf6 39. Rh2+ Rh6 40.
Rg2 Rf4 41. Bd5 b6 42. Re2 Rhf6 43. Rh2+ Rh6 44. Re2 Rf8 45. Rg2 Rf5 46. Rd2 b5
47. Be4 Rf8 48. Rd5 Rb8 49. Bd3 Rhb6 50. Be4 g6 51. Kc2 Kg7 52. Kd3 Kf6 53. Kd4
Rc8 54. Bd3 Rcc6 55. Bxb5 Rd6 56. c4 Ke7 57. Kc5 Rxd5+ 58. Kxb6 Rd2 59. Kxa5
Rxb2 60. a4 g5 61. Kb6 g4 62. Kc5 g3 63. Bc6 Kd8 64. a5 Kc7 65. a6 g2 66. Bxg2
Rxg2 67. Kb5 Rg5+ 68. Ka4 Kc6 0-1

[Event "N4 TGV/Reims"]
[Site "?"]
[Date "2015.10.04"]
[Round "1"]
[White "Belloy, Nicolas"]
[Black "Magnier, Christophe"]
[Result "0-1"]
[WhiteElo "1975"]
[BlackElo "1777"]
[PlyCount "154"]
[EventDate "2015.10.07"]
[SourceDate "2015.10.07"]

1. d4 Nf6 2. c4 g6 3. Nc3 Bg7 4. e4 d6 5. f3 O-O 6. Bg5 h6 7. Be3 e5 8. d5 Nbd7
9. Qd2 g5 10. Nge2 Nh7 11. Ng3 Nb6 12. Bd3 c6 13. c5 dxc5 14. Bxc5 Re8 15. O-O
Bf8 16. Be3 f5 17. Bf2 f4 18. Nge2 g4 19. Rad1 Qf6 20. Kh1 h5 21. a4 Bb4 22.
Qc2 c5 23. Nb5 Re7 24. Bc4 Nxc4 25. Qxc4 Rg7 26. Rg1 g3 27. Nxg3 fxg3 28. Bxg3
Rxg3 29. hxg3 Qg5 30. d6+ Kg7 31. Rgf1 Bd7 32. f4 Qxg3 33. Rf3 Qh4+ 34. Kg1 Bg4
35. Nc7 Bxf3 36. Qe6 Bxd1 37. Qxe5+ Qf6 38. Nxa8 Qxe5 39. fxe5 Bg4 40. Nc7 Ba5
41. Nd5 Kf7 42. Nf4 Ng5 43. Kf2 Nxe4+ 44. Ke3 Ng5 45. Kd3 h4 46. Kc4 h3 47.
gxh3 Bxh3 48. Kb5 Bb6 49. a5 Bf1+ 50. Ka4 Bd8 51. b3 Ne6 52. Nd5 Bg5 53. Ka3
Bf4 54. d7 Bxe5 55. b4 cxb4+ 56. Kxb4 Bd6+ 57. Ka4 a6 58. Nb6 Bb5+ 59. Kb3 Nc5+
60. Kc3 Nxd7 61. Nd5 Ke6 62. Ne3 Nf6 63. Nc2 Nd5+ 64. Kb3 Ke5 65. Ne1 Ke4 66.
Nc2 Bc7 67. Na3 Bd3 68. Ka4 Kd4 69. Kb3 Bxa5 70. Ka4 Bb4 71. Nc4 b5+ 72. Kb3
bxc4+ 73. Kb2 c3+ 74. Kb3 c2 75. Ka4 c1=Q 76. Kb3 Qc3+ 77. Ka4 Bc2# 0-1

[Event "N4 TGV/Reims"]
[Site "?"]
[Date "2015.10.04"]
[Round "1"]
[White "Barat, Jacques"]
[Black "Fleurentin, Arnaud"]
[Result "1/2-1/2"]
[WhiteElo "1774"]
[BlackElo "1702"]
[PlyCount "59"]
[EventDate "2015.10.07"]
[SourceDate "2015.10.07"]

1. Nf3 Nf6 2. d4 g6 3. c4 d6 4. Nc3 Bg7 5. g3 O-O 6. Bg2 c6 7. Bg5 h6 8. Bd2
Nbd7 9. O-O e5 10. dxe5 Nxe5 11. Nxe5 dxe5 12. Qc1 Kh7 13. Rd1 Qe7 14. a3 Be6
15. Na4 Rac8 16. Be3 b6 17. Rd2 Ng4 18. Rd3 Nxe3 19. Rxe3 h5 20. Rd3 f5 21. e3
e4 22. Rd1 Rfd8 23. Bf1 Rxd1 24. Qxd1 Rd8 25. Qc2 Qd7 26. Rc1 Qd2 27. Be2 Qxc2
28. Rxc2 Kh6 29. Kf1 g5 30. Ke1 1/2-1/2

[Event "N4 TGV/Reims"]
[Site "?"]
[Date "2015.10.04"]
[Round "1"]
[White "Brobier, Thierry"]
[Black "Magnier, Jean-Claude"]
[Result "1-0"]
[WhiteElo "1655"]
[BlackElo "1702"]
[PlyCount "61"]
[EventDate "2015.10.07"]
[SourceDate "2015.10.07"]

1. d4 Nf6 2. Nf3 g6 3. Bg5 Bg7 4. Nc3 d5 5. e3 Bf5 6. Bd3 Bxd3 7. Qxd3 a6 8.
O-O Nbd7 9. e4 dxe4 10. Nxe4 O-O 11. Rfe1 c6 12. Rad1 Qb6 13. b3 e6 14. Nxf6+
Nxf6 15. Ne5 Rad8 16. Qf3 Nd5 17. Bxd8 Qxd8 18. c4 Nc7 19. h3 Qe7 20. Ng4 Rd8
21. d5 f5 22. Nh2 cxd5 23. cxd5 e5 24. d6 Rxd6 25. Rxd6 Qxd6 26. Qxb7 e4 27.
Rc1 Be5 28. Nf1 Qd4 29. Rxc7 Bxc7 30. Qxc7 Qd3 31. Qc4+ 1-0

[Event "N4 TGV/Reims"]
[Site "?"]
[Date "2015.10.04"]
[Round "1"]
[White "Amoros, Pierre"]
[Black "Régnier, Cédric"]
[Result "1-0"]
[WhiteElo "1678"]
[BlackElo "1608"]
[Annotator ",FT"]
[PlyCount "79"]
[EventDate "2015.10.07"]
[SourceDate "2015.10.07"]

1. e4 c6 2. Nc3 d5 3. exd5 cxd5 4. Bb5+ Bd7 5. Qe2 Nf6 6. Nf3 e6 7. O-O Bd6 8.
d4 Nc6 9. Bg5 O-O 10. Rad1 Be7 11. Ne5 a6 12. Bxc6 Bxc6 13. Rd3 Ne4 14. Bxe7
Qxe7 15. Nxc6 bxc6 16. Nxe4 dxe4 17. Qxe4 Rac8 18. Rb3 Qa7 19. Rd1 Rfd8 20. Rh3
h6 21. Rdd3 c5 22. dxc5 Rxd3 23. Rxd3 Qxc5 24. g3 Qc6 25. Qxc6 (25. Rd8+) 25...
Rxc6 26. c3 Kf8 27. Kf1 Ke7 28. Ke2 Rc5 29. Rd4 Ra5 30. a3 Rd5 31. Rxd5 exd5
32. Kd3 Kd6 33. Kd4 h5 34. b4 g6 35. a4 f6 36. f4 Kc6 37. b5+ axb5 38. axb5+
Kxb5 39. Kxd5 Kb6 40. Ke6 1-0

[Event "N4 TGV/Reims"]
[Site "?"]
[Date "2015.10.04"]
[Round "1"]
[White "Caron, Antonin"]
[Black "Chanteux, Josselin"]
[Result "0-1"]
[WhiteElo "1314"]
[BlackElo "1399"]
[PlyCount "44"]
[EventDate "2015.10.07"]
[SourceDate "2015.10.07"]

1. d4 Nf6 2. Nf3 d5 3. Bf4 e6 4. a3 Bd6 5. Bg5 c5 6. e3 O-O 7. Bd3 c4 8. Be2
Nbd7 9. Nbd2 Qc7 10. c3 b5 11. O-O Ne4 12. Nxe4 dxe4 13. Ne5 Nxe5 14. dxe5 Bxe5
15. g3 h6 16. Bf4 Bxf4 17. exf4 Rd8 18. Qc2 Bb7 19. Rfe1 Qc6 20. Bg4 e3 21.
fxe3 Qh1+ 22. Kf2 Qg2# 0-1

[Event "N4 TGV/Reims"]
[Site "?"]
[Date "2015.10.04"]
[Round "1"]
[White "François, Gwladys"]
[Black "Bryl, Laura"]
[Result "1-0"]
[WhiteElo "1499"]
[BlackElo "1199"]
[PlyCount "59"]
[EventDate "2015.10.07"]
[SourceDate "2015.10.07"]

1. e4 e5 2. Nf3 Nc6 3. d4 d6 4. d5 Nb4 5. a3 Na6 6. Bxa6 bxa6 7. Nc3 Nf6 8. Be3
Bb7 9. Qd3 c6 10. dxc6 Bxc6 11. Qxa6 Qd7 12. Qd3 d5 13. exd5 Nxd5 14. Nxe5 Qd6
15. Nxc6 Qxc6 16. Qxd5 Qxd5 17. Nxd5 O-O-O 18. Nc3 g6 19. O-O h6 20. Bxa7 Rd7
21. Be3 f5 22. Rfd1 Rg7 23. Bd4 g5 24. Bxg7 Bxg7 25. Rd3 Bf6 26. Rad1 Rd8 27.
b4 h5 28. Nb5 Kb8 29. c4 h4 30. Rd6 1-0

[Event "N4 E.aubois Chaumont"]
[Site "?"]
[Date "2015.10.04"]
[Round "?"]
[White "Gallant, Aurelien"]
[Black "Rapinel, Franck"]
[Result "1-0"]
[WhiteElo "2099"]
[BlackElo "2128"]
[PlyCount "93"]
[EventDate "2013.01.13"]
[SourceDate "2015.10.04"]

1. e4 c5 2. Nf3 d6 3. d4 cxd4 4. Nxd4 Nf6 5. Nc3 a6 6. Bg5 e6 7. f4 Nbd7 8. Qf3
Qc7 9. O-O-O Be7 10. Bd3 h6 11. Bh4 g5 12. fxg5 Ne5 13. Qf2 Nfg4 14. Qf4 Rg8
15. Nf3 Nxf3 16. gxf3 Ne5 17. Qe3 Ng6 18. Bg3 hxg5 19. Rhg1 Bd7 20. f4 gxf4 21.
Bxf4 O-O-O 22. Bg3 Ne5 23. Kb1 Rdf8 24. Rgf1 Rh8 25. Be2 f6 26. h4 Be8 27. Bf2
Bc6 28. Qh3 f5 29. Bg3 fxe4 30. Qxe6+ Qd7 31. Rxf8+ Rxf8 32. Qxd7+ Nxd7 33.
Bxd6 Kd8 34. Bxe7+ Kxe7 35. b4 Nf6 36. a4 Rh8 37. h5 Ke6 38. b5 axb5 39. axb5
Bd7 40. Nxe4 Nxe4 41. Bg4+ Ke5 42. Rxd7 Nf6 43. Re7+ Kd4 44. Bf3 b6 45. Re6
Nxh5 46. Re4+ Kc3 47. Rh4 1-0

[Event "N4 E.aubois Chaumont"]
[Site "?"]
[Date "2015.10.04"]
[Round "1"]
[White "Da Costa, Manuel"]
[Black "Hascher, Nicolas"]
[Result "0-1"]
[WhiteElo "1889"]
[BlackElo "1971"]
[PlyCount "80"]
[EventDate "2013.01.13"]
[SourceDate "2015.10.04"]

1. e4 c5 2. Nf3 d6 3. g3 Nc6 4. Bg2 Nf6 5. d3 g6 6. Be3 Bg7 7. c3 Rb8 8. O-O b5
9. Nbd2 Ng4 10. Rb1 a5 11. h3 Nxe3 12. fxe3 Be6 13. Ng5 O-O 14. Nxe6 fxe6 15.
d4 Bh6 16. Qe2 a4 17. Kh2 Qd7 18. Rxf8+ Bxf8 19. h4 b4 20. Bh3 Nd8 21. c4 cxd4
22. exd4 Qa7 23. d5 Bg7 24. Nf3 b3 25. a3 Qc5 26. Ng5 exd5 27. exd5 Be5 28. Rf1
Qd4 29. Ne6 Nxe6 30. Bxe6+ Kh8 31. Rf2 h5 32. Bd7 Qxh4+ 33. Kg2 Qxg3+ 34. Kf1
Kg7 35. Qd2 h4 36. Be6 Bf6 37. Rg2 Qf3+ 38. Kg1 h3 39. Rh2 Rh8 40. Bd7 Rh5 0-1

[Event "N4 E.aubois Chaumont"]
[Site "?"]
[Date "2015.10.04"]
[Round "1"]
[White "Kerlau, Gildas"]
[Black "Guillaume, Jean-Francois"]
[Result "1/2-1/2"]
[WhiteElo "1765"]
[BlackElo "1808"]
[PlyCount "78"]
[EventDate "2013.01.13"]
[SourceDate "2015.10.04"]

1. d4 Nc6 2. d5 Ne5 3. e4 e6 4. c4 Bb4+ 5. Bd2 Bxd2+ 6. Qxd2 Ng6 7. Nc3 e5 8.
g3 d6 9. Bg2 Nf6 10. Nge2 O-O 11. O-O Bd7 12. f4 exf4 13. Nxf4 Ne5 14. b3 b6
15. Nd3 Qe7 16. Nxe5 Qxe5 17. Rae1 a6 18. a4 Rab8 19. b4 Rfe8 20. b5 a5 21. Na2
Qh5 22. Rf4 Re5 23. Nc1 Rbe8 24. Nd3 R5e7 25. Rh4 Qg6 26. Nf2 h6 27. Qd4 Qg5
28. Rf4 Qe5 29. Qxe5 Rxe5 30. Nd3 R5e7 31. Bf3 Nh7 32. Bg2 f5 33. Rf2 Ng5 34.
Rfe2 fxe4 35. Nf4 Kf7 36. h4 Nf3+ 37. Bxf3 exf3 38. Rxe7+ Rxe7 39. Rxe7+ Kxe7
1/2-1/2

[Event "N4 E.aubois Chaumont"]
[Site "?"]
[Date "2015.10.04"]
[Round "1"]
[White "Barbier, Alexandre"]
[Black "garnier, Mickael"]
[Result "0-1"]
[WhiteElo "1496"]
[BlackElo "1613"]
[PlyCount "88"]
[EventDate "2013.01.13"]
[SourceDate "2015.10.04"]

1. e4 d6 2. d4 Nf6 3. Nc3 e5 4. d5 Nbd7 5. Be3 Be7 6. Nf3 Nb6 7. Be2 Bd7 8. b3
c6 9. Qd3 cxd5 10. exd5 Rc8 11. Nd2 g6 12. Nde4 Bf5 13. Bf3 Rxc3 14. Nxf6+ Bxf6
15. Qxc3 e4 16. Qd2 Bxa1 17. Be2 Qc7 18. c4 Bg7 19. O-O O-O 20. g4 Bd7 21. Bh6
f5 22. Bxg7 Kxg7 23. Qd4+ Kg8 24. f4 Qc5 25. Qxc5 dxc5 26. g5 Nc8 27. Kg2 Nd6
28. Re1 Rb8 29. Rc1 b6 30. Kf2 Kg7 31. h4 h6 32. Kg3 hxg5 33. hxg5 Rh8 34. Kg2
a5 35. Rc3 Rh4 36. Rc1 e3 37. Kg3 Rh8 38. Bf3 Ne4+ 39. Bxe4 fxe4 40. Re1 Bf5
41. Rxe3 Rh3+ 42. Kf2 Rh2+ 43. Kg3 Rxa2 44. d6 Rd2 0-1

[Event "N4 E.aubois Chaumont"]
[Site "?"]
[Date "2015.10.04"]
[Round "1"]
[White "Guyot, Philippe"]
[Black "Masera, Michel"]
[Result "1-0"]
[WhiteElo "1976"]
[BlackElo "1856"]
[PlyCount "39"]
[EventDate "2013.01.13"]
[SourceDate "2015.10.04"]

1. d4 Nf6 2. Nf3 c5 3. d5 b5 4. Bg5 Qb6 5. Bxf6 Qxf6 6. c3 d6 7. e4 g5 8. Bxb5+
Bd7 9. Qa4 Bxb5 10. Qxb5+ Nd7 11. Na3 g4 12. Nd2 Rb8 13. Qc6 Kd8 14. Nb5 Rc8
15. Qa6 Ne5 16. Nxa7 Rc7 17. O-O Bh6 18. Qb6 Nd7 19. Qa5 Ne5 20. Nb5 1-0

[Event "N4 E.aubois Chaumont"]
[Site "?"]
[Date "2015.10.04"]
[Round "1"]
[White "Moine, Patick"]
[Black "Parisot, Anthony"]
[Result "0-1"]
[WhiteElo "1811"]
[BlackElo "1810"]
[PlyCount "110"]
[EventDate "2013.01.13"]
[SourceDate "2015.10.04"]

1. d4 Nf6 2. c4 g6 3. Nc3 d5 4. h3 Bg7 5. Bg5 Ne4 6. Nxe4 dxe4 7. e3 c5 8. Ne2
cxd4 9. exd4 Nc6 10. Be3 O-O 11. d5 Ne5 12. Nc3 f5 13. Be2 b6 14. Qd2 Ba6 15.
Bd4 Rc8 16. b3 Nd3+ 17. Bxd3 Bxd4 18. Be2 Bg7 19. Rd1 b5 20. d6 exd6 21. O-O
bxc4 22. Bxc4+ Bxc4 23. bxc4 Bxc3 24. Qxc3 Qc7 25. Rc1 Rfd8 26. Rfd1 Qc5 27.
Rd5 Qxd5 28. cxd5 Rxc3 29. Rxc3 Rd7 30. f3 exf3 31. Rxf3 Kf7 32. g4 Kf6 33.
gxf5 gxf5 34. Re3 Re7 35. Ra3 f4 36. Kf2 Ke5 37. Kf3 Rg7 38. Ra5 Rg3+ 39. Kf2
Rxh3 40. Rxa7 Kxd5 41. a4 Ra3 42. a5 Kd4 43. a6 d5 44. Rxh7 Rxa6 45. Kf3 Re6
46. Kxf4 Kc4 47. Ra7 d4 48. Ra4+ Kc3 49. Ra3+ Kb4 50. Rd3 Kc4 51. Ra3 d3 52.
Ra8 d2 53. Rd8 Kc3 54. Kf3 Re1 55. Rc8+ Kb4 0-1

[Event "N4 E.aubois Chaumont"]
[Site "?"]
[Date "2015.10.04"]
[Round "1"]
[White "Picard, Serge"]
[Black "Grimmer, Jonathan"]
[Result "0-1"]
[WhiteElo "2060"]
[BlackElo "1906"]
[PlyCount "118"]
[EventDate "2013.01.13"]
[SourceDate "2015.10.04"]

1. e4 g6 2. d4 Bg7 3. f4 d5 4. e5 c5 5. c3 cxd4 6. cxd4 Nc6 7. Nc3 Nh6 8. Nf3
Bg4 9. Bb5 O-O 10. O-O Nf5 11. Bxc6 bxc6 12. h3 Bxf3 13. Rxf3 Qb6 14. Rd3 a5
15. g4 Nh4 16. Qe1 g5 17. f5 h6 18. Na4 Nf3+ 19. Rxf3 Qxd4+ 20. Qf2 Qxa4 21. f6
exf6 22. exf6 Qd1+ 23. Qf1 Qxf1+ 24. Kxf1 Bh8 25. h4 gxh4 26. Bxh6 Rfe8 27. Re1
Rxe1+ 28. Kxe1 Re8+ 29. Kf2 Re6 30. g5 Kh7 31. Rh3 Bxf6 32. gxf6 Kxh6 33. Rxh4+
Kg6 34. Ra4 Rxf6+ 35. Ke3 Re6+ 36. Kf3 Kf5 37. Rxa5 Ke5 38. a4 Kd4 39. Ra7 Re3+
40. Kf2 Rb3 41. Rxf7 Rxb2+ 42. Ke1 Ra2 43. Ra7 Kc5 44. a5 Ra4 45. Ra6 Ra2 46.
Kd1 Rh2 47. Kc1 Rh8 48. Kc2 Rc8 49. Kc3 Kb5 50. Rb6+ Kxa5 51. Rb7 Ka6 52. Rb1
c5 53. Rd1 d4+ 54. Kc4 Kb6 55. Rd3 Ra8 56. Rb3+ Kc6 57. Ra3 Rb8 58. Ra6+ Rb6
59. Ra4 Rb4+ 0-1

[Event "N4 E.aubois Chaumont"]
[Site "?"]
[Date "2015.10.04"]
[Round "1"]
[White "Roussel, jean-Marc"]
[Black "Voguet, Francois"]
[Result "1-0"]
[WhiteElo "1707"]
[BlackElo "1639"]
[PlyCount "193"]
[EventDate "2013.01.13"]
[SourceDate "2015.10.04"]

1. d4 d5 2. Nf3 Nf6 3. Bf4 Bf5 4. e3 c6 5. Nbd2 e6 6. Be2 Nbd7 7. h3 Be7 8. c3
Qb6 9. Qb3 O-O 10. Nh4 Bg6 11. Nxg6 fxg6 12. Qxb6 Nxb6 13. O-O Nfd7 14. a3 Bf6
15. Nf3 Rfe8 16. Rab1 e5 17. Bg3 e4 18. Nd2 Nc8 19. c4 Ne7 20. cxd5 cxd5 21.
Rfc1 Rac8 22. b4 Nf5 23. Bh2 Nb6 24. Bb5 Rxc1+ 25. Rxc1 Rc8 26. Rxc8+ Nxc8 27.
Nb3 Ncd6 28. Be2 b6 29. Kf1 Kf7 30. g4 Ke6 31. gxf5+ gxf5 32. Bxd6 Kxd6 33. b5
g6 34. Na1 Be7 35. Nc2 Ke6 36. Nb4 Kd7 37. Nc2 Kd6 38. Ke1 Kc7 39. f4 Kd7 40.
Kf1 Ke6 41. Kg2 Bf8 42. Kg3 Be7 43. a4 Bf8 44. Na1 Ba3 45. Nb3 Be7 46. a5 Bb4
47. a6 Be7 48. Nc1 Bb4 49. Bd1 Bd2 50. Ne2 Bxe3 51. Bb3 Bd2 52. Kf2 Bb4 53. Ke3
Kd6 54. Nc1 h6 55. Na2 Ba5 56. Ke2 g5 57. Ke3 Ke6 58. Nc1 gxf4+ 59. Ke2 Bc3 60.
Na2 Bxd4 61. Nb4 f3+ 62. Kf1 e3 63. Bxd5+ Kd6 64. Bxf3 Kc5 65. Nc6 Kxb5 66.
Nxd4+ Kxa6 67. Nxf5 b5 68. Nxh6 b4 69. Bd5 Kb5 70. Nf5 a5 71. Nxe3 a4 72. Ke2
b3 73. Kd1 Kb4 74. Kc1 a3 75. Bxb3 Kxb3 76. Kb1 a2+ 77. Ka1 Kc3 78. Ng4 Kd4 79.
Kxa2 Ke4 80. Kb3 Kf4 81. Kc4 Kg5 82. Kd5 Kh4 83. Nf2 Kh5 84. Ke4 Kh6 85. Kf3
Kg6 86. Kf4 Kf6 87. Kg4 Kg6 88. Nd3 Kh6 89. Nf4 Kg7 90. h4 Kh6 91. h5 Kg7 92.
Kg5 Kg8 93. Nd5 Kh8 94. h6 Kg8 95. Ne7+ Kh8 96. Ng6+ Kg8 97. h7+ 1-0

[Event "N4 Epernay / Blagny"]
[Site "?"]
[Date "2015.10.04"]
[Round "1.3"]
[White "Durant, Christophe"]
[Black "Hanot, Wilfried"]
[Result "1-0"]
[WhiteElo "1948"]
[BlackElo "1811"]
[PlyCount "45"]
[EventDate "2015.10.04"]
[SourceDate "2015.10.04"]

1. d4 Nf6 2. Nf3 g6 3. Bf4 c6 4. Nbd2 Bg7 5. e4 d6 6. c3 Nbd7 7. Be2 O-O 8. O-O
b6 9. Qc2 a5 10. a4 Ba6 11. Bxa6 Rxa6 12. Rad1 b5 13. Rfe1 Qb6 14. b3 Rb8 15.
e5 Nd5 16. Bg3 dxe5 17. dxe5 e6 18. Ne4 Rd8 19. Bh4 Rf8 20. Nd6 Nxe5 21. Nxe5
Bxe5 22. Rxe5 Qc7 23. Bg3 1-0

[Event "N4 Epernay / Blagny"]
[Site "?"]
[Date "2015.10.04"]
[Round "1.5"]
[White "Durant, Marie"]
[Black "Fourcart, Marc"]
[Result "1/2-1/2"]
[WhiteElo "1848"]
[BlackElo "1683"]
[PlyCount "91"]
[EventDate "2015.10.04"]
[SourceDate "2015.10.04"]

1. e4 c5 2. Nf3 d6 3. d4 cxd4 4. Nxd4 Nf6 5. Nc3 g6 6. Be2 Bg7 7. Be3 O-O 8.
O-O Nc6 9. Qd2 Ng4 10. Bxg4 Bxg4 11. Nxc6 bxc6 12. Bh6 Be6 13. Bxg7 Kxg7 14.
Ne2 Qb6 15. Qc3+ Kg8 16. Kh1 Rab8 17. b3 Qb4 18. Qxb4 Rxb4 19. c4 a5 20. Nd4
Rb6 21. f4 a4 22. f5 Bd7 23. Rab1 c5 24. Nc2 axb3 25. axb3 Bc6 26. Rfe1 Rfb8
27. Na1 Bb7 28. Re3 Ba6 29. Rf1 Ra8 30. h4 Bb7 31. fxg6 hxg6 32. Re2 Rba6 33.
Nc2 Ra2 34. Rff2 Rb2 35. e5 Rxb3 (35... dxe5 36. Rxe5 e6 37. Rxc5 Be4 38. Rc7
Bf5) 36. exd6 e6 37. Ne3 Rd8 38. Rb2 Rxe3 39. Rxb7 f5 40. Rd2 Re4 41. Ra2 Rxh4+
42. Kg1 Rh7 43. Rc7 Rhd7 (43... Rxc7 44. dxc7 Rc8 45. Ra7 Kf8 46. Rb7 Ke7 47.
Rb8 Rxb8) (43... Rxc7 44. dxc7 Rc8 45. Ra7 Kf7 46. Rb7 Ke7 47. Rb8 Kd7) 44.
Raa7 Rxd6 45. Rg7+ Kf8 46. Raf7+ 1/2-1/2

[Event "N4 Epernay / Blagny"]
[Site "?"]
[Date "2015.10.04"]
[Round "1.4"]
[White "Chebridon, Jean Louis"]
[Black "Puech, Armel"]
[Result "1-0"]
[WhiteElo "1613"]
[BlackElo "1830"]
[PlyCount "65"]
[EventDate "2015.10.04"]
[SourceDate "2015.10.04"]

1. b3 e5 2. Bb2 Nc6 3. e3 Nf6 4. Nf3 d6 5. d3 Bg4 6. Be2 Qd7 7. O-O Be7 8. Nbd2
h6 9. c4 Rd8 10. a3 Bf5 11. d4 e4 12. d5 exf3 13. dxc6 bxc6 14. Nxf3 O-O 15.
Nd4 Bg4 16. Bxg4 Nxg4 17. Nxc6 Nxe3 18. Nxe7+ Qxe7 19. fxe3 Qxe3+ 20. Kh1 Rb8
21. Rf3 Qe7 22. Qd4 f6 23. Re3 Qd7 24. Rae1 Rfe8 25. Qxa7 Kf7 26. Qd4 c6 27. a4
h5 28. Ba3 Rxb3 29. Rxe8 Qxe8 30. Rxe8 Rb1+ 31. Qg1 Rxg1+ 32. Kxg1 Kxe8 33.
Bxd6 1-0

[Event "N4 Epernay / Blagny"]
[Site "?"]
[Date "2015.10.05"]
[Round "1.8"]
[White "Van Malderen, Siegfried"]
[Black "Ramos, Vincent"]
[Result "1-0"]
[WhiteElo "1410"]
[BlackElo "1160"]
[PlyCount "87"]
[EventDate "2015.10.04"]
[SourceDate "2015.10.05"]

1. g3 e5 2. Bg2 Nf6 3. Nc3 Bc5 4. e3 d6 5. Nge2 c6 6. d3 Bg4 7. O-O Qc8 8. Bd2
Bh3 9. a3 Na6 10. Qe1 d5 11. Kh1 Qg4 12. f3 Qf5 13. e4 Qe6 14. b4 Bb6 15. Ng1
Bxg1 16. Rxg1 O-O 17. Nd1 dxe4 18. fxe4 Bxg2+ 19. Kxg2 Rac8 20. Nf2 c5 21. b5
Nb8 22. Qe2 c4 23. a4 cxd3 24. cxd3 Nbd7 25. Rgd1 Nc5 26. Ra3 Rfd8 27. Bb4 Nb3
28. Qb2 Nd4 29. Bc3 Ng4 30. Bxd4 exd4 31. Nxg4 Qxg4 32. Rf1 g6 33. Rf3 Rc7 34.
Ra2 b6 35. Qf2 g5 36. Rc2 Rxc2 37. Qxc2 Qh5 38. Qc7 Re8 39. Qd7 Ra8 40. Qxd4 g4
41. Rf5 Qh3+ 42. Kg1 Rc8 43. Rg5+ Kf8 44. Qd6+ 1-0

[Event "N4 Epernay / Blagny"]
[Site "?"]
[Date "2015.10.05"]
[Round "1.7"]
[White "Massart, Sylvain"]
[Black "Beaudiot, Alain"]
[Result "0-1"]
[WhiteElo "1510"]
[BlackElo "1569"]
[PlyCount "84"]
[EventDate "2015.10.04"]
[SourceDate "2015.10.05"]

1. e4 d6 2. Nc3 Nf6 3. Bb5+ c6 4. Bc4 b5 5. Bb3 b4 6. Nce2 Nxe4 7. d3 Nf6 8. h3
e6 9. Nf3 Be7 10. O-O O-O 11. Ng3 Bb7 12. d4 Nbd7 13. c4 bxc3 14. bxc3 d5 15.
Bc2 c5 16. Qd3 a5 17. Bg5 Ba6 18. Qe3 Bxf1 19. Rxf1 Rc8 20. Bd3 Qc7 21. Bf4 Bd6
22. Bxd6 Qxd6 23. Qg5 cxd4 24. cxd4 Rfe8 25. Nh5 Nxh5 26. Qxh5 g6 27. Qh6 Qf8
28. Qf4 Qg7 29. Bb5 Red8 30. Bd3 Qf6 31. Qg4 Rc3 32. Bb1 Rdc8 33. Bxg6 Qxg6 34.
Qf4 Qf6 35. Qg4+ Qg7 36. Qf4 R3c4 37. Rd1 e5 38. dxe5 Rxf4 39. Nd2 Nxe5 40. g3
Rd4 41. Kf1 Rc2 42. Rb1 Qg6 0-1

[Event "N4 Epernay / Blagny"]
[Site "?"]
[Date "2015.10.05"]
[Round "1.2"]
[White "Monaville, Guy"]
[Black "Leroy, Patrick"]
[Result "1-0"]
[WhiteElo "2062"]
[BlackElo "1926"]
[PlyCount "39"]
[EventDate "2015.10.04"]
[SourceDate "2015.10.05"]

1. e4 e6 2. d3 d5 3. Nd2 c5 4. Ngf3 Nc6 5. g3 g6 6. Bg2 Bg7 7. O-O Nge7 8. c3
O-O 9. Re1 b6 10. e5 Qc7 11. Qe2 Ba6 12. Nf1 Rad8 13. Bf4 Nf5 14. Qd2 d4 15. c4
Bb7 16. g4 Nfe7 17. Ng3 a6 18. Ne4 Nxe5 19. Nxe5 Bxe5 20. Nf6+ 1-0

[Event "N4 Epernay / Blagny"]
[Site "?"]
[Date "2015.10.05"]
[Round "1.6"]
[White "Romain, Adeline"]
[Black "Robert, Guillaume"]
[Result "1/2-1/2"]
[WhiteElo "1568"]
[BlackElo "1620"]
[PlyCount "49"]
[EventDate "2015.10.04"]
[SourceDate "2015.10.05"]

1. d4 d6 2. Nf3 Nf6 3. e3 c6 4. Bd3 Nbd7 5. O-O Qc7 6. Nbd2 e5 7. dxe5 dxe5 8.
e4 Be7 9. b3 Nc5 10. Bb2 Bg4 11. Qe1 Bd6 12. Qe3 Qe7 13. Qg5 Bxf3 14. Nxf3 Ne6
15. Qg3 Nf4 16. Rfe1 O-O-O 17. Nh4 g6 18. a4 Rhg8 19. Bc1 Bb4 20. Re3 Bc3 21.
Ba3 c5 22. Rd1 h5 23. Qg5 Rd4 24. Bxc5 Qxc5 25. Qxf6 1/2-1/2

[Event "N4 Epernay / Blagny"]
[Site "?"]
[Date "2015.10.05"]
[Round "1.1"]
[White "Crepaux, Jean Marie"]
[Black "Fourcart, Maxence"]
[Result "0-1"]
[WhiteElo "1880"]
[BlackElo "2077"]
[PlyCount "128"]
[EventDate "2015.10.04"]
[SourceDate "2015.10.05"]

1. e4 d6 2. d4 Nf6 3. Nc3 Nbd7 4. f4 e5 5. fxe5 dxe5 6. dxe5 Nxe5 7. Qxd8+ Kxd8
8. Nf3 Nxf3+ 9. gxf3 Bb4 10. Bd2 Be6 11. a3 Ba5 12. O-O-O c6 13. b4 Bc7 14.
Bh6+ Ke7 15. Bxg7 Rhg8 16. Bxf6+ Kxf6 17. Bd3 Rg2 18. h4 Rag8 19. Ne2 Rf2 20.
f4 Bxf4+ 21. Nxf4 Rxf4 22. e5+ Kxe5 23. Bxh7 Rh8 24. Rde1+ Kf6 25. Bd3 Rhxh4
26. Rxh4 Rxh4 27. Kd2 Rh2+ 28. Kc3 Ke7 29. Kd4 Kd6 30. Rg1 Rh4+ 31. Kc3 Rg4 32.
Rxg4 Bxg4 33. Kd4 b6 34. c4 c5+ 35. Ke4 cxb4 36. axb4 Be6 37. Kd4 Bh3 38. c5+
bxc5+ 39. bxc5+ Kc7 40. Bb5 Be6 41. Kc3 Bd7 42. Bc4 f6 43. Kb4 Bc6 44. Bd3 Bd5
45. Kb5 Bg2 46. Kb4 Kc6 47. Kc4 a5 48. Bg6 Bd5+ 49. Kd4 Bb3 50. Be8+ Kc7 51.
Kc3 Bg8 52. Kb2 f5 53. Ka3 f4 54. Ka4 Bc4 55. Bh5 Kc6 56. Kxa5 Kxc5 57. Ka4 Kd4
58. Kb4 Bd3 59. Kb3 Ke3 60. Kc3 Be2 61. Be8 f3 62. Bc6 f2 63. Bg2 Kf4 64. Kd2
Kg3 0-1

[Event "N4 Tour du Roi / Rethel "]
[Site "?"]
[Date "2015.10.10"]
[Round "1.2"]
[White "Lassalle, Arnaud"]
[Black "Noizet, Donatien"]
[Result "1/2-1/2"]
[WhiteElo "2054"]
[BlackElo "1953"]
[PlyCount "32"]
[EventDate "2015.10.10"]
[SourceDate "2015.10.10"]

1. e4 d5 2. exd5 Qxd5 3. Nc3 Qa5 4. d4 c6 5. Nf3 Nf6 6. Bc4 Bf5 7. Ne5 e6 8.
O-O Bd6 9. Qe2 Qc7 10. h3 Nbd7 11. f4 h5 12. Be3 Nb6 13. Bd3 Bxd3 14. Qxd3 Nfd5
15. Bd2 Nb4 16. Qg3 O-O-O 1/2-1/2